00808nam a2200169Ia 4500008004100000020001500041050002400056100002800080245013600108250001800244260004200262300001800304500002800322505022700350650002800577650003300605120626s1990 ag 000 0 spa d a9505371608 aHF5549 bM4797 1990 aMejias, Cristinaeautor aEl sillón vacíob: Reflexiones y testimonios sobre búsqueda y selección de personal para no-selectores c/ Cristina, Mejias a3a. edición aArgentinab: Ediciones Macchic, 1990 a165 páginas aIncluye: Indice general aDe perfiles y necesidades Diseño de un perfil Detección de postulantes Y ahora ¡A leer currículum! De la entrevista en general De la entrevista en particular ¡Hola! ¡Bienvenido! ¿Cómo se lo digo?  0aSELECCIÓN DE PERSONAL 0aRECLUTAMIENTO DE EMPLEADOS